00339nam a22001337a 4500003000500000005001700005008004100022040000800063082001700071100002100088245003400109260004300143300001900186NUST20170515120034.0170515b xxu||||| |||| 00| 0 eng d cDLC a363.7394 LER aLerner, David N. aUrban Groundwater Pollution / aNetherlands:bA.A. Balkema Publishers, axviii, 277p. :